000 00862nam a2200253 i 4500
001 187402
003 ES-MaACL
005 20260304134906.0
008 170629s1913 sp |||| | spa d
080 _a929 Valera, Juan
100 1 _aValera, Juan,
_d1824-1905
_9112638
245 1 0 _aCorrespondencia /
_cJuan Valera.
260 _a[Madrid :
_bs.n.],
_c1913 (
_fImp. Alemana)
300 _a2 v. ;
_c16 cm.
490 1 _aObras completas ;
_v47-48
505 8 _aContiene: 1. 1847-1857 (315 p.) - 2. 1857 (353 p.)
530 _aDisponible en formato digital.
600 1 4 _aValera, Juan,
_d1824-1905-
_vCorrespondencia
_9112640
830 1 _aObras completas ;
_v47-48
_9176447
852 _aES-MaACL
_jB-2887-88
_cSPB
856 4 _uhttp://bdh-rd.bne.es/viewer.vm?id=0000045094&page=1
_yBiblioteca Digital Hispánica
942 _2udc
999 _c187402
_d187402